000 00390nam a22001697a 4500
003 SGT
020 _a9789366167206
082 _a617
_bB25J
100 _aJAIN, SUDHIR KUMAR
245 _aBASIC SURGICAL SKILLS & TECHNIQUES
250 _a4TH
260 _aINDIA
_bJAYPEE PUB
_c2025
300 _a255
650 _aSURGERY
653 _aSURGICAL SKILLS & TECHNIQUES
942 _2ddc
_cBK
999 _c33430
_d33430